| 000 -Record Label |
| fixed length control field |
00949nam a2200301 4500 |
| 010 ## - International Standard Book Number (ISBN) |
| Number (ISBN) |
9789727842124 |
| 021 ## - Legal Deposit Number |
| Country Code |
PT |
| Number |
257213/07 |
| 035 ## - Other System Control Numbers |
| System Control Number |
(bn)1744492 |
| 100 ## - General Processing Data |
| General Processing Data |
20100428d2007 m y0pory5003 ba |
| 101 1# - Language of the Resource |
| Language of Original Work |
ger |
| 105 ## - Coded Data Field: Textual Material, Monographic |
| Monograph Coded Data |
y z 000yy |
| 106 ## - Coded Data Field: Textual Material - Physical Attributes |
| Textual Material Coded Data Physical Medium Designator |
r |
| 200 1# - Title and Statement of Responsibility |
| Title Proper |
Credo para hoje |
| Other Title Information |
em que acreditam os cristãos |
| First Statement of Responsibility |
Bento XVI |
| Subsequent Statement of Responsibility |
trad. José António Correia Pereira |
| -- |
rev. Amador Pereira Carreira |
| 210 ## - Publication, Distribution, etc. |
| Place of Publication, Distribution, etc. |
Braga |
| Name of Publisher, Distributor, etc. |
Editorial Franciscana, |
| Date of Publication, Distribution, etc. |
D.L. 2007 |
| 215 ## - Physical Description |
| Specific Material Designation and Extent of Item |
214 p. |
| Dimensions |
20 cm |
| 304 ## - Notes Pertaining to Title and Statement of Responsibility |
| Text of Note |
Tít. orig.: Credo für Heute |
| 600 ## - Personal Name Used as Subject |
| Entry Element |
Bento XVI |
| 601 ## - Corporate Body Name Used as Subject |
| Entry Element |
Editorial Franciscana, |
| 675 ## - Universal Decimal Classification (UDC) |
| Number |
272-284 |
| Edition |
BN |
| Language of Edition |
por |
| 675 ## - Universal Decimal Classification (UDC) |
| Number |
272-184 |
| Edition |
BN |
| Language of Edition |
por |
| 675 ## - Universal Decimal Classification (UDC) |
| Number |
272-282 |
| Edition |
BN |
| Language of Edition |
por |
| 702 #1 - Personal Name - Secondary Responsibility |
| Entry Element |
Pereira, |
| Part of Name Other than Entry Element |
José António Correia, |
| Dates |
1945- |
| Additions to Names Other than Dates |
O.F.M. |
| Relator Code |
730 |
| 702 #1 - Personal Name - Secondary Responsibility |
| Entry Element |
Carreira, |
| Part of Name Other than Entry Element |
Amador Pereira, |
| Additions to Names Other than Dates |
O.F.M. |
| Relator Code |
675 |
| 710 02 - Corporate Body Name - Primary Responsibility |
| Entry Element |
Igreja Católica. |
| Subdivision |
Papa, |
| Addition to Name or Qualifier |
2005-2013 (Bento XVI) |
| 801 #0 - Originating Source |
| Country |
PT |
| Agency |
BN |
| Cataloguing Rules (Descriptive Conventions) |
RPC |
| 090 ## - System Control Numbers (Koha) |
| Koha biblioitem number (autogenerated) |
2267 |
| 942 ## - ADDED ENTRY ELEMENTS (KOHA) |
| Koha item type |
Books |